000
00173nam a2200073Ia 4500
008
170524s9999 xx 000 0 und d
100
_a
KOTLER- P
245
0
_a
MARKETING MANAGEMENT
260
_b
PHI: NEW DELHI
999
_c
7894
_d
7894